Online Catalogue and eLibrary

Communalism Contested : (Record no. 440)

MARC details
000 -LEADER
fixed length control field 00476nam a22001697a 4500
005 - DATE AND TIME OF LATEST TRANSACTION
control field 20240220061749.0
008 - FIXED-LENGTH DATA ELEMENTS--GENERAL INFORMATION
fixed length control field 240220b |||||||| |||| 00| 0 eng d
020 ## - INTERNATIONAL STANDARD BOOK NUMBER
ISBN 8170366283
082 ## - DDC Classification
DDC Edition Number 22
Class No. 320.9.
Item Number - Author Mark COM.
100 ## - MAIN ENTRY--PERSONAL NAME
Personal name Vanaik, Achin.
245 ## - TITLE STATEMENT
Title Communalism Contested :
Remainder of title Religion, Modernity and Secularization ,
Statement of responsibility, etc. Achin, Vanaik.
260 ## - PUBLICATION, DISTRIBUTION, ETC.
Place of publication, distribution, etc. New Delhi :
Name of publisher, distributor, etc. Vistaar Publications ,
Date of publication, distribution, etc. 1997.
300 ## - PHYSICAL DESCRIPTION
Extent (e.g. Volumes, Pages etc.) x, 374,
650 ## - SUBJECT ADDED ENTRY--TOPICAL TERM
Topical term or geographic name entry element Religion.
650 ## - SUBJECT ADDED ENTRY--TOPICAL TERM
Topical term or geographic name entry element Modernity.
942 ## - Koha item type (Biblio)
Koha item type Books in Stacks (Lending)
Holdings
Lost status Damaged status Collection code Home library Current library Date acquired Full call number Accession Number Item type
    Lending WERC Library WERC Library 02/20/2024 320.9. COM. 2514 Books in Stacks (Lending)

© WERC Library